000 00687nam a2200229Ia 4500
003 OSt
005 20220202095940.0
008 210716s2003 xx 000 0 und d
020 _a8125908811
040 _cAIMIT LIBRARY
041 _aeng
082 _a331.8
_24
_bSRIS
100 _aSrivastava, S C.
_915711
245 _aIndustrial relations and labour laws /
_cBy S.C. Srivastava.
250 _a4th ed.
260 _aNew Delhi;
_bVikas publishing house pvt ltd,
_c2003.
300 _avi,716p.;
_c21.5cm.
650 _aTrade unionism
_915712
650 _aRegulations of industrial disputes
_915713
650 _aCollective bargaining
_915714
942 _2ddc
_cBK
_e4
_k331.8 SRIS
999 _c197634
_d197634